Преемственность дипломатии России: вчера, сегодня, завтра; Актуальные проблемы гуманитарных наук

Detalhes bibliográficos
Parent link:Актуальные проблемы гуманитарных наук.— 2009.— С. 238-240
Autor principal: Толкаев В.
Idioma:russo
Publicado em: 2009
Assuntos:
Formato: MixedMaterials Capítulo de Livro
KOHA link:https://koha.lib.tpu.ru/cgi-bin/koha/opac-detail.pl?biblionumber=195616

MARC

LEADER 00000naa2a2200000 4500
001 195616
005 20231031182858.0
035 |a (RuTPU)RU\TPU\book\213425 
090 |a 195616 
100 |a 20110512d2009 k y0rusy50 ca 
101 0 |a rus 
102 |a RU 
200 1 |a Преемственность дипломатии России: вчера, сегодня, завтра  |f В. Толкаев 
320 |a Библиогр.: 2 назв. 
463 0 |0 (RuTPU)RU\TPU\book\205117  |t Актуальные проблемы гуманитарных наук  |o труды VIII международной научно-практической конференции студентов, аспирантов и молодых ученых, г. Томск, 16-17 апреля 2009 г.  |f Томский политехнический университет (ТПУ)  |v С. 238-240  |d 2009  |p 466 с. 
610 1 |a Россия 
610 1 |a дипломатия 
610 1 |a история 
610 1 |a внешняя политика 
610 1 |a труды учёных ТПУ 
700 1 |a Толкаев  |b В. 
801 1 |a RU  |b 63413507  |c 20110512 
942 |c BK